KFZ-Kennzeichen Sachsen - Statistiken

Allgemein
  • Dieses Quiz wurde 60 mal gespielt
  • Das Durchschnittsergebnis liegt bei 23 aus 57
Antwortstatistiken
Hint Antwort % Korrekt
DD Dresden
100%
L Leipzig
100%
C Chemnitz
97%
MEI Meißen
92%
PIR Pirna
89%
Z Zwickau
89%
BZ Bautzen
83%
PL Plauen
78%
V Vogtland
72%
ANA Annaberg-Buchholz
67%
FG Freiberg
67%
GR Görlitz
64%
HY Hoyerswerda
64%
ZI Zittau
64%
RIE Riesa
58%
AU Aue
56%
ERZ Erzgebirgskreis
53%
FLÖ Flöha
53%
LÖB Löbau
53%
TG Torgau
53%
FTL Freital
50%
GRM Grimma
50%
DL Döbeln
44%
WUR Wurzen
42%
OZ Oschatz
39%
DZ Delitzsch
36%
DW Dippoldiswalde
36%
MW Mittweida
36%
BIW Bischofswerda
33%
BNA Borna
33%
KM Kamenz
33%
WSW Weißwasser
33%
GC Glauchau
31%
SEB Sebnitz
31%
ZP Zschopau
25%
MTL Muldental
22%
NY Niesky
22%
TDO Torgau, Delitzsch, Oschatz
22%
ASZ Aue, Schwarzenberg
19%
MAB Marienberg
19%
RL Rochlitz
19%
STL Stollberg
19%
GRH Großenhain
17%
HC Hainichen
17%
RC Reichenbach
17%
SZB Schwarzenberg
17%
AE Auerbach
14%
EB Eilenburg
14%
GHA Geithain
14%
HOT Hohenstein-Ernstthal
14%
MEK Mittlerer Erzgebirgskreis
14%
TO Torgau, Oschatz
14%
BED Brand-Erbisdorf
11%
RG Riesa, Großenhain
11%
NOL Niederschlesische Oberlausitz
8%
OVL Obervogtland
8%
WDA Werdau
8%
Keine übereinstimmenden Quizze gefunden
Verteilung der Resultate
Anzahl Personen mit jedem Resultat
Perzentil nach korrekt beantworteten Fragen
Ihre Resultats-Entwicklung
Sie haben dieses Quiz noch nicht gespielt